[Event "DSJ Weihnachtsturnier U16: Lasker 2020"]
[Site ""]
[Date "2020.12.28"]
[Round "7"]
[White "Müller, Riyanna"]
[Black "Vervay, Leon"]
[Result "1-0"]
[Termination "time forfeit"]
[Board "12.4"]
[WhiteElo "1364"]
[BlackElo "1004"]
[WhiteTeam "SC Landskrone"]
[BlackTeam "Bielefelder Schachklub von 1883"]
[PlyCount "131"]
[WhiteFideId "16287401"]
[EventRounds "7"]
[EventType "team-swiss"]
[EventDate "2020.12.28"]

1. e4 {[%emt 0:00:09]} e5 {[%emt 0:00:02]} 2. Nf3 {[%emt 0:00:04]} Nc6 { [%emt
0:00:05]} 3. Bc4 {[%emt 0:00:04]} Bc5 {[%emt 0:00:06]} 4. Nc3 {[%emt 0:00:03]}
Nf6 {[%emt 0:00:14]} 5. d3 {[%emt 0:00:05]} O-O {[%emt 0:00:03]} 6. Bg5 {[%emt
0:00:04]} d6 {[%emt 0:00:03]} 7. Nd5 {[%emt 0:00:02]} Bg4 {[%emt 0:00:16]} 8.
Nxf6+ {[%emt 0:00:04]} gxf6 {[%emt 0:00:02]} 9. Bh6 {[%emt 0:00:04]} Re8 {[%emt
0:00:10]} 10. h3 {[%emt 0:00:03]} Bh5 {[%emt 0:00:06]} 11. g4 { [%emt 0:00:02]}
Bg6 {[%emt 0:00:09]} 12. h4 {[%emt 0:00:04]} Bxe4 {[%emt 0:00:38]} 13. dxe4
{[%emt 0:00:06]} Qd7 {[%emt 0:00:16]} 14. Rg1 {[%emt 0:00:24]} Kh8 {[%emt
0:00:04]} 15. g5 {[%emt 0:00:13]} Rg8 {[%emt 0:00:06]} 16. gxf6 { [%emt
0:00:14]} Rxg1+ {[%emt 0:00:17]} 17. Nxg1 {[%emt 0:00:03]} Rg8 {[%emt 0:00:15]}
18. Bg7+ {[%emt 0:00:04]} Rxg7 {[%emt 0:00:16]} 19. fxg7+ {[%emt 0:00:03]} Kg8
{[%emt 0:00:04]} 20. c3 {[%emt 0:00:22]} Ne7 {[%emt 0:00:12]} 21. Qh5 {[%emt
0:00:08]} Ng6 {[%emt 0:00:22]} 22. Ne2 {[%emt 0:00:58]} Kxg7 {[%emt 0:00:28]}
23. f3 {[%emt 0:00:23]} Qh3 {[%emt 0:00:09]} 24. O-O-O {[%emt 0:00:28]} Be3+
{[%emt 0:00:22]} 25. Kc2 {[%emt 0:00:10]} Qg2 {[%emt 0:00:03]} 26. Kb3 { [%emt
0:00:34]} a6 {[%emt 0:00:12]} 27. a4 {[%emt 0:00:33]} Qh3 {[%emt 0:00:25] } 28.
Ng1 {[%emt 0:00:25]} Qd7 {[%emt 0:00:07]} 29. Nh3 {[%emt 0:00:25]} b5 { [%emt
0:00:03]} 30. axb5 {[%emt 0:00:06]} axb5 {[%emt 0:00:02]} 31. Bd3 { [%emt
0:00:14]} Qxh3 {[%emt 0:00:23]} 32. Bxb5 {[%emt 0:00:22]} Qe6+ {[%emt 0:00:05]}
33. Bc4 {[%emt 0:00:05]} Qd7 {[%emt 0:00:38]} 34. Kc2 {[%emt 0:01:01]} Qa4+
{[%emt 0:00:32]} 35. Bb3 {[%emt 0:00:09]} Qd7 {[%emt 0:00:37]} 36. Rh1 { [%emt
0:00:26]} Nf4 {[%emt 0:00:43]} 37. Qg4+ {[%emt 0:00:30]} Qxg4 {[%emt 0:00:03]}
38. fxg4 {[%emt 0:00:02]} Bf2 {[%emt 0:00:37]} 39. h5 {[%emt 0:00:17]} h6
{[%emt 0:00:07]} 40. Kb1 {[%emt 0:00:30]} f6 {[%emt 0:00:40]} 41. Ka2 { [%emt
0:00:14]} Bc5 {[%emt 0:00:07]} 42. Bd5 {[%emt 0:00:13]} Be3 {[%emt 0:00:23]
Bielefd1-004 offers a draw} 43. Kb3 {[%emt 0:00:27]} c5 {[%emt 0:00:31]} 44.
Kc4 {[%emt 0:00:13]} Kf8 {[%emt 0:00:18]} 45. Kb5 {[%emt 0:00:04]} Ke7 { [%emt
0:00:01]} 46. b4 {[%emt 0:00:08]} cxb4 {[%emt 0:00:03]} 47. cxb4 { [%emt
0:00:02]} Nxd5 {[%emt 0:00:01]} 48. exd5 {[%emt 0:00:02]} Kd7 {[%emt 0:00:02]}
49. Ka6 {[%emt 0:00:02]} Kc7 {[%emt 0:00:01]} 50. b5 {[%emt 0:00:01]} Kb8
{[%emt 0:00:02]} 51. Rb1 {[%emt 0:00:02]} Bf2 {[%emt 0:00:03]} 52. b6 { [%emt
0:00:02]} Be3 {[%emt 0:00:01]} 53. b7 {[%emt 0:00:02]} Ba7 {[%emt 0:00:03]} 54.
Rc1 {[%emt 0:00:02]} Bc5 {[%emt 0:00:06]} 55. Rc2 {[%emt 0:00:05]} e4 {[%emt
0:00:01]} 56. Re2 {[%emt 0:00:03]} e3 {[%emt 0:00:01]} 57. Re1 {[%emt 0:00:04]}
Kc7 {[%emt 0:00:02]} 58. Re2 {[%emt 0:00:04]} Kb8 {[%emt 0:00:01]} 59. Re1
{[%emt 0:00:02] Bielefd1-004 offers a draw} Kc7 {[%emt 0:00:02]} 60. Rc1 {
[%emt 0:00:01]} Kb8 {[%emt 0:00:01]} 61. Rc2 {[%emt 0:00:02]} Kc7 {[%emt
0:00:01]} 62. Kb5 {[%emt 0:00:02]} Kxb7 {[%emt 0:00:03]} 63. Re2 {[%emt
0:00:01]} Kc7 {[%emt 0:00:02]} 64. Ka6 {[%emt 0:00:02]} Kd7 {[%emt 0:00:02]}
65. Kb7 { [%emt 0:00:01]} Ke7 {[%emt 0:00:03]} 66. Kc6 {[%emt 0:00:01] TimeB}
1-0

[Event "DSJ Weihnachtsturnier U16: Lasker 2020"]
[Site ""]
[Date "2020.12.28"]
[Round "7"]
[White "Ramien, Hannah"]
[Black "Fischer, Darja"]
[Result "0-1"]
[Termination "normal"]
[Board "13.1"]
[WhiteElo "1396"]
[BlackElo "1559"]
[WhiteTeam "Schachgemeinschaft Porz 2"]
[BlackTeam "Karlsruher SF 1853 2"]
[PlyCount "46"]
[WhiteFideId "16209982"]
[BlackFideId "16240898"]
[EventRounds "7"]
[EventType "team-swiss"]
[EventDate "2020.12.28"]

1. e4 {[%emt 0:00:02]} c5 {[%emt 0:00:01]} 2. Nc3 {[%emt 0:00:03]} a6 {[%emt
0:00:01]} 3. a4 {[%emt 0:00:02]} e6 {[%emt 0:00:04]} 4. f4 {[%emt 0:00:02]} d5
{ [%emt 0:00:03]} 5. Nf3 {[%emt 0:00:16]} Nf6 {[%emt 0:00:10]} 6. d3 {[%emt
0:00:09]} Nc6 {[%emt 0:00:11]} 7. Be2 {[%emt 0:00:05]} Be7 {[%emt 0:00:03]} 8.
O-O { [%emt 0:00:02]} O-O {[%emt 0:00:01]} 9. Qe1 {[%emt 0:00:02]} dxe4 {[%emt
0:00:06]} 10. dxe4 {[%emt 0:00:03]} Nd4 {[%emt 0:00:01]} 11. Bd1 {[%emt
0:00:25]} b6 {[%emt 0:00:26]} 12. Be3 {[%emt 0:00:22]} Bb7 {[%emt 0:00:01]} 13.
Bf2 { [%emt 0:01:15]} Qd7 {[%emt 0:00:25]} 14. Ne5 {[%emt 0:02:09]} Qd6 {[%emt
0:00:50]} 15. Nd3 {[%emt 0:00:31]} Qd8 {[%emt 0:01:12]} 16. e5 {[%emt 0:00:10]}
Nd5 {[%emt 0:00:11]} 17. Bxd4 {[%emt 0:00:44]} cxd4 {[%emt 0:00:07]} 18. Ne2 {
[%emt 0:00:05]} Ne3 {[%emt 0:00:28]} 19. Rf2 {[%emt 0:00:23]} Qd5 {[%emt
0:00:36]} 20. Ng3 {[%emt 0:00:26]} Nxg2 {[%emt 0:00:26]} 21. Qf1 {[%emt
0:00:36]} Ne3 {[%emt 0:00:19]} 22. Qe2 {[%emt 0:00:11]} Nf5 {[%emt 0:00:58]}
23. Nxf5 { [%emt 0:00:15]} Qh1# {[%emt 0:00:03]} 0-1

[Event "DSJ Weihnachtsturnier U16: Lasker 2020"]
[Site ""]
[Date "2020.12.28"]
[Round "7"]
[White "Hoffmann, Alexander"]
[Black "Kazimov, Alis"]
[Result "1-0"]
[Termination "normal"]
[Board "13.2"]
[WhiteElo "1554"]
[BlackElo "1341"]
[WhiteTeam "Karlsruher SF 1853 2"]
[BlackTeam "Schachgemeinschaft Porz 2"]
[PlyCount "61"]
[WhiteFideId "16240219"]
[BlackFideId "16255348"]
[EventRounds "7"]
[EventType "team-swiss"]
[EventDate "2020.12.28"]

1. e4 {[%emt 0:00:03]} e5 {[%emt 0:00:02]} 2. Nc3 {[%emt 0:00:12]} Nc6 { [%emt
0:00:15]} 3. g3 {[%emt 0:00:08]} f5 {[%emt 0:00:31]} 4. d3 {[%emt 0:00:07]} Nf6
{[%emt 0:00:07]} 5. Bg2 {[%emt 0:00:02]} Bc5 {[%emt 0:00:32]} 6. Nge2 {[%emt
0:00:06]} O-O {[%emt 0:00:10]} 7. O-O {[%emt 0:00:04]} d6 {[%emt 0:00:25]} 8.
Na4 {[%emt 0:00:04]} Bb6 {[%emt 0:00:04]} 9. Nxb6 {[%emt 0:00:03]} axb6 {[%emt
0:00:02]} 10. f4 {[%emt 0:00:02]} fxe4 {[%emt 0:00:47]} 11. dxe4 { [%emt
0:00:10]} Bg4 {[%emt 0:00:14]} 12. h3 {[%emt 0:00:11]} Bxe2 {[%emt 0:01:08]}
13. Qxe2 {[%emt 0:00:00]} Nd4 {[%emt 0:00:12] Karlsru5-002 kibitzing!?} 14.
Qc4+ {[%emt 0:02:06] Karlsru5-002 reconnected.} Kh8 {[%emt 0:00:52]} 15. Be3
{[%emt 0:00:25]} b5 {[%emt 0:01:14]} 16. Qd3 {[%emt 0:00:29]} c5 {[%emt
0:01:09]} 17. Bxd4 {[%emt 0:00:09]} cxd4 {[%emt 0:00:11]} 18. Qxb5 {[%emt
0:00:02]} Nh5 {[%emt 0:00:36]} 19. fxe5 {[%emt 0:00:35]} dxe5 {[%emt 0:00:12]}
20. Qxe5 {[%emt 0:00:11]} Nf6 {[%emt 0:00:17]} 21. Rfd1 {[%emt 0:00:14]} Qb6 {
[%emt 0:00:22]} 22. Qxd4 {[%emt 0:00:16]} Qxd4+ {[%emt 0:00:18]} 23. Rxd4 {
[%emt 0:00:00]} Rfd8 {[%emt 0:00:03]} 24. Rxd8+ {[%emt 0:00:03]} Rxd8 {[%emt
0:00:00]} 25. e5 {[%emt 0:00:02]} Nd5 {[%emt 0:00:07]} 26. Bxd5 {[%emt
0:00:07]} Rxd5 {[%emt 0:00:02]} 27. Re1 {[%emt 0:00:08]} Kg8 {[%emt 0:00:06]}
28. e6 { [%emt 0:00:02]} Kf8 {[%emt 0:00:02]} 29. Rf1+ {[%emt 0:00:12]} Ke7
{[%emt 0:00:03]} 30. Rf7+ {[%emt 0:00:03]} Kxe6 {[%emt 0:00:04]} 31. Rxb7
{[%emt 0:00:02]} 1-0

[Event "DSJ Weihnachtsturnier U16: Lasker 2020"]
[Site ""]
[Date "2020.12.28"]
[Round "7"]
[White "Kossert, Simon"]
[Black "Parladi, Berk"]
[Result "1-0"]
[Termination "normal"]
[Board "13.4"]
[WhiteElo "1299"]
[BlackElo "1113"]
[WhiteTeam "Karlsruher SF 1853 2"]
[BlackTeam "Schachgemeinschaft Porz 2"]
[PlyCount "123"]
[WhiteFideId "16283287"]
[EventRounds "7"]
[EventType "team-swiss"]
[EventDate "2020.12.28"]

1. e4 {[%emt 0:00:03]} e5 {[%emt 0:00:20]} 2. Nf3 {[%emt 0:00:02]} Nc6 { [%emt
0:00:02]} 3. Nc3 {[%emt 0:00:02]} Bb4 {[%emt 0:00:06] Karlsru5-004
reconnected.} 4. d4 {[%emt 0:03:23]} d6 {[%emt 0:00:21]} 5. dxe5 {[%emt
0:00:03]} dxe5 {[%emt 0:00:02]} 6. Qxd8+ {[%emt 0:00:02]} Kxd8 {[%emt 0:00:05]}
7. Bc4 {[%emt 0:00:16]} f6 {[%emt 0:00:17]} 8. Be3 {[%emt 0:00:09]} Bg4 {[%emt
0:00:07]} 9. O-O-O+ {[%emt 0:00:06]} Ke8 {[%emt 0:00:10]} 10. Nd5 {[%emt
0:00:25] } Rc8 {[%emt 0:00:10]} 11. Bb5 {[%emt 0:00:11]} a6 {[%emt 0:00:07]}
12. Bxc6+ { [%emt 0:00:08]} bxc6 {[%emt 0:00:02]} 13. Nxb4 {[%emt 0:00:01]} Ne7
{[%emt 0:00:14]} 14. Nxa6 {[%emt 0:00:11]} Kf7 {[%emt 0:00:10]} 15. h3 {[%emt
0:00:28]} Bh5 {[%emt 0:00:03]} 16. Rd5 {[%emt 0:00:15]} Nxd5 {[%emt 0:00:05]}
17. exd5 { [%emt 0:00:06]} cxd5 {[%emt 0:00:02]} 18. g4 {[%emt 0:00:08]} Bg6
{[%emt 0:00:03]} 19. Nh4 {[%emt 0:00:09]} Be4 {[%emt 0:00:08]} 20. f3 {[%emt
0:00:02]} Bg6 {[%emt 0:00:10]} 21. Nxg6 {[%emt 0:00:03]} hxg6 {[%emt 0:00:04]}
22. Nb4 { [%emt 0:00:17]} c5 {[%emt 0:00:04]} 23. Nxd5 {[%emt 0:00:04]} Ra8
{[%emt 0:00:13]} 24. a3 {[%emt 0:00:07]} Rhd8 {[%emt 0:00:22]} 25. c4 {[%emt
0:00:15]} Ra4 {[%emt 0:00:13]} 26. b3 {[%emt 0:00:14]} Rxa3 {[%emt 0:00:02]}
27. Kc2 { [%emt 0:00:05]} Rb8 {[%emt 0:00:16]} 28. Rb1 {[%emt 0:00:13]} Ke6
{[%emt 0:00:30]} 29. Bxc5 {[%emt 0:00:09]} Rc8 {[%emt 0:00:15]} 30. Bxa3 {[%emt
0:00:02]} f5 {[%emt 0:00:05]} 31. g5 {[%emt 0:00:24]} e4 {[%emt 0:00:04]} 32.
fxe4 { [%emt 0:00:23]} fxe4 {[%emt 0:00:02]} 33. Bb2 {[%emt 0:00:03]} Kf7
{[%emt 0:00:27]} 34. Rf1+ {[%emt 0:00:15]} Ke6 {[%emt 0:00:20]} 35. Bxg7 {[%emt
0:00:07]} Rg8 {[%emt 0:00:08]} 36. Rf6+ {[%emt 0:00:11]} Kd7 {[%emt 0:00:11]}
37. Rxg6 { [%emt 0:00:38]} Rd8 {[%emt 0:00:32]} 38. Nb6+ {[%emt 0:00:14]} Kc7
{[%emt 0:00:02]} 39. Be5+ {[%emt 0:00:24]} Kb7 {[%emt 0:00:02]} 40. Rd6 {[%emt
0:00:16]} Re8 {[%emt 0:00:07]} 41. Bg3 {[%emt 0:00:14]} e3 {[%emt 0:00:05]} 42.
c5 { [%emt 0:00:04]} e2 {[%emt 0:00:03]} 43. Rd7+ {[%emt 0:00:05]} Kc6 {[%emt
0:00:05]} 44. Rc7+ {[%emt 0:00:09]} Kb5 {[%emt 0:00:02]} 45. Kc3 {[%emt
0:00:08]} Re3+ {[%emt 0:00:05]} 46. Kd2 {[%emt 0:00:04]} Rxg3 {[%emt 0:00:11]}
47. Kxe2 { [%emt 0:00:00]} Rxh3 {[%emt 0:00:02]} 48. Nd5 {[%emt 0:00:00]} Rxb3
{[%emt 0:00:02]} 49. Rb7+ {[%emt 0:00:06]} Kc4 {[%emt 0:00:04]} 50. Rxb3 {[%emt
0:00:01] } Kxb3 {[%emt 0:00:01]} 51. g6 {[%emt 0:00:00]} Kc4 {[%emt 0:00:02]}
52. g7 { [%emt 0:00:00]} Kxd5 {[%emt 0:00:00]} 53. g8=Q+ {[%emt 0:00:01]} Kxc5
{[%emt 0:00:00]} 54. Qe8 {[%emt 0:00:05]} Kc4 {[%emt 0:00:02]} 55. Qd8 {[%emt
0:00:01]} Kc3 {[%emt 0:00:01]} 56. Qd5 {[%emt 0:00:01]} Kb4 {[%emt 0:00:01]}
57. Qc6 { [%emt 0:00:01]} Kb3 {[%emt 0:00:01]} 58. Kd3 {[%emt 0:00:00]} Kb4
{[%emt 0:00:01]} 59. Qc4+ {[%emt 0:00:00]} Ka3 {[%emt 0:00:02]} 60. Qb5 {[%emt
0:00:02]} Ka2 {[%emt 0:00:02]} 61. Kc3 {[%emt 0:00:01]} Ka1 {[%emt 0:00:02]}
62. Qb2# { [%emt 0:00:00]} 1-0

[Event "DSJ Weihnachtsturnier U16: Lasker 2020"]
[Site ""]
[Date "2020.12.28"]
[Round "7"]
[White "Kolkmann, Tom"]
[Black "Schwandner, Clemens"]
[Result "1-0"]
[Termination "time forfeit"]
[Board "14.1"]
[WhiteElo "1560"]
[BlackElo "1281"]
[WhiteTeam "Rhedaer Schachverein von 1931"]
[BlackTeam "SC 1951 Nordhausen"]
[PlyCount "65"]
[WhiteFideId "34607013"]
[EventRounds "7"]
[EventType "team-swiss"]
[EventDate "2020.12.28"]

1. e4 {[%emt 0:00:02]} e5 {[%emt 0:00:05]} 2. d4 {[%emt 0:00:02]} exd4 { [%emt
0:00:04]} 3. c3 {[%emt 0:00:01]} dxc3 {[%emt 0:00:24]} 4. Bc4 {[%emt 0:00:02]}
Nc6 {[%emt 0:00:14]} 5. Nxc3 {[%emt 0:00:06]} Nf6 {[%emt 0:00:09]} 6. Bg5
{[%emt 0:00:16]} d6 {[%emt 0:00:11]} 7. Nf3 {[%emt 0:00:20]} h6 {[%emt
0:00:11]} 8. Bh4 {[%emt 0:00:04]} Be7 {[%emt 0:00:14]} 9. Bg3 {[%emt 0:00:16]}
Bg4 {[%emt 0:00:14]} 10. h3 {[%emt 0:00:04]} Bxf3 {[%emt 0:00:12]} 11. Qxf3 {
[%emt 0:00:03]} Qd7 {[%emt 0:00:16]} 12. O-O {[%emt 0:00:09]} O-O-O {[%emt
0:01:09]} 13. Bxf7 {[%emt 0:00:16]} Rhf8 {[%emt 0:00:29]} 14. Bc4 {[%emt
0:00:07] } Nh7 {[%emt 0:00:37]} 15. Qe3 {[%emt 0:00:08]} Bg5 {[%emt 0:00:17]}
16. f4 { [%emt 0:00:17]} Bf6 {[%emt 0:00:26]} 17. Rad1 {[%emt 0:00:06]} a6
{[%emt 0:01:13]} 18. e5 {[%emt 0:00:07]} Be7 {[%emt 0:01:11]} 19. exd6 {[%emt
0:00:19]} Bxd6 {[%emt 0:00:10]} 20. Be6 {[%emt 0:00:44]} Rfe8 {[%emt 0:00:47]}
21. Bxd7+ {[%emt 0:00:07]} Kxd7 {[%emt 0:00:03]} 22. Qd3 {[%emt 0:00:13]} Nf6
{[%emt 0:00:05]} 23. Rfe1 {[%emt 0:00:35]} Rxe1+ {[%emt 0:00:14]} 24. Rxe1
{[%emt 0:00:06]} Kc8 {[%emt 0:00:02]} 25. Qf5+ {[%emt 0:00:09]} Kb8 {[%emt
0:00:21]} 26. Bh4 {[%emt 0:00:03]} Nd5 {[%emt 0:00:40]} 27. Bxd8 {[%emt
0:00:09]} Bc5+ { [%emt 0:00:08]} 28. Kh2 {[%emt 0:00:10]} Nxc3 {[%emt 0:00:09]}
29. bxc3 { [%emt 0:00:07]} Bd6 {[%emt 0:00:06]} 30. Re8 {[%emt 0:00:10]} Ka7
{[%emt 0:00:07]} 31. Bxc7 {[%emt 0:00:16]} Bxc7 {[%emt 0:00:19]} 32. Rc8 {[%emt
0:00:06]} Kb6 {[%emt 0:00:03]} 33. Qf7 {[%emt 0:00:35] TimeB} 1-0

[Event "DSJ Weihnachtsturnier U16: Lasker 2020"]
[Site ""]
[Date "2020.12.28"]
[Round "7"]
[White "Stahl, Phillip"]
[Black "Schirneck, Ethan"]
[Result "1-0"]
[Termination "normal"]
[Board "14.2"]
[WhiteElo "1222"]
[BlackElo "1435"]
[WhiteTeam "SC 1951 Nordhausen"]
[BlackTeam "Rhedaer Schachverein von 1931"]
[PlyCount "103"]
[WhiteFideId "34624015"]
[BlackFideId "34625593"]
[EventRounds "7"]
[EventType "team-swiss"]
[EventDate "2020.12.28"]

1. e4 {[%emt 0:01:23]} e5 {[%emt 0:00:05]} 2. Nf3 {[%emt 0:00:20]} Nc6 { [%emt
0:00:02]} 3. Bb5 {[%emt 0:00:02]} a6 {[%emt 0:00:04]} 4. Bxc6 {[%emt 0:00:02]}
bxc6 {[%emt 0:00:19]} 5. Nxe5 {[%emt 0:00:05]} Qe7 {[%emt 0:00:10]} 6. d4
{[%emt 0:00:09]} d6 {[%emt 0:00:03]} 7. Nxc6 {[%emt 0:00:02]} Qxe4+ { [%emt
0:00:02]} 8. Qe2 {[%emt 0:00:05]} Qxe2+ {[%emt 0:00:09]} 9. Kxe2 { [%emt
0:00:02]} Bb7 {[%emt 0:00:02]} 10. d5 {[%emt 0:00:05] RhedaerSV002
reconnected.} Ne7 {[%emt 0:00:26]} 11. Nxe7 {[%emt 0:00:04]} Bxe7 {[%emt
0:00:01]} 12. Nc3 {[%emt 0:00:02]} Bf6 {[%emt 0:00:04]} 13. Rd1 {[%emt
0:00:06]} Bxc3 {[%emt 0:00:02]} 14. bxc3 {[%emt 0:00:02]} O-O {[%emt 0:00:06]}
15. Kf1 { [%emt 0:00:03]} Rae8 {[%emt 0:00:06]} 16. Bb2 {[%emt 0:00:07]} Re5
{[%emt 0:00:04]} 17. c4 {[%emt 0:00:03]} Re4 {[%emt 0:00:05]} 18. Rd4 {[%emt
0:00:09]} Rfe8 {[%emt 0:00:07]} 19. Rxe4 {[%emt 0:00:34]} Rxe4 {[%emt 0:00:05]}
20. Rb1 { [%emt 0:00:35]} Re8 {[%emt 0:00:31]} 21. Bxg7 {[%emt 0:00:08]} Kxg7
{[%emt 0:00:05]} 22. Rxb7 {[%emt 0:00:03]} Re7 {[%emt 0:00:02]} 23. Ra7 {[%emt
0:00:03]} a5 {[%emt 0:00:10]} 24. Rxa5 {[%emt 0:00:03]} Re4 {[%emt 0:00:02]}
25. Ra4 { [%emt 0:00:06]} Rd4 {[%emt 0:00:08]} 26. Rb4 {[%emt 0:00:12]} Rd1+
{[%emt 0:00:12]} 27. Ke2 {[%emt 0:00:02]} Ra1 {[%emt 0:00:02]} 28. a4 {[%emt
0:00:03]} Kf6 {[%emt 0:00:04]} 29. Kd3 {[%emt 0:00:12]} Ra3+ {[%emt 0:00:06]}
30. Kd2 { [%emt 0:00:04]} Ra2 {[%emt 0:00:01]} 31. Kd3 {[%emt 0:00:24]} Ra3+
{[%emt 0:00:04]} 32. c3 {[%emt 0:00:02]} Ra2 {[%emt 0:00:04]} 33. Ke3 {[%emt
0:00:21]} Kf5 {[%emt 0:00:07]} 34. h3 {[%emt 0:00:09]} Ra3 {[%emt 0:00:03]} 35.
g4+ {[%emt 0:00:17]} Ke5 {[%emt 0:00:07]} 36. f4+ {[%emt 0:00:05]} Kf6 {[%emt
0:00:02]} 37. Kd3 {[%emt 0:00:04]} Kg6 {[%emt 0:00:05]} 38. Kc2 {[%emt
0:00:08]} Ra2+ { [%emt 0:00:02]} 39. Kb3 {[%emt 0:00:05]} Rf2 {[%emt 0:00:03]}
40. a5 {[%emt 0:00:02]} Rxf4 {[%emt 0:00:08]} 41. a6 {[%emt 0:00:02]} Rf1
{[%emt 0:00:04]} 42. a7 {[%emt 0:00:06]} Ra1 {[%emt 0:00:03]} 43. Ra4 {[%emt
0:00:02]} Rxa4 { [%emt 0:00:01]} 44. Kxa4 {[%emt 0:00:02]} f5 {[%emt 0:00:13]}
45. a8=Q { [%emt 0:00:00]} f4 {[%emt 0:00:03]} 46. Qg8+ {[%emt 0:00:05]} Kf6
{[%emt 0:00:07]} 47. Qe6+ {[%emt 0:00:04]} Kg5 {[%emt 0:00:15]} 48. Qf5+ {[%emt
0:00:04]} Kh4 {[%emt 0:00:02]} 49. Qxf4 {[%emt 0:00:09]} h5 {[%emt 0:00:00]}
50. gxh5+ { [%emt 0:00:05]} Kxh3 {[%emt 0:00:04]} 51. Qg5 {[%emt 0:00:02]} Kh2
{[%emt 0:00:01]} 52. h6 {[%emt 0:00:01]} 1-0

[Event "DSJ Weihnachtsturnier U16: Lasker 2020"]
[Site ""]
[Date "2020.12.28"]
[Round "7"]
[White "Rommel, Kevin"]
[Black "Mund, Raphael"]
[Result "1/2-1/2"]
[Termination "normal"]
[Board "14.3"]
[WhiteElo "1291"]
[BlackElo "1128"]
[WhiteTeam "Rhedaer Schachverein von 1931"]
[BlackTeam "SC 1951 Nordhausen"]
[PlyCount "135"]
[WhiteFideId "34640185"]
[BlackFideId "34667164"]
[EventRounds "7"]
[EventType "team-swiss"]
[EventDate "2020.12.28"]

1. e4 {[%emt 0:00:06]} e5 {[%emt 0:00:03]} 2. Nf3 {[%emt 0:00:03]} Nc6 { [%emt
0:00:04]} 3. Nc3 {[%emt 0:00:03]} Bc5 {[%emt 0:00:13]} 4. Bc4 {[%emt 0:00:05]}
Nf6 {[%emt 0:00:04]} 5. d3 {[%emt 0:00:04]} O-O {[%emt 0:00:03]} 6. Bg5 {[%emt
0:00:03]} d6 {[%emt 0:00:08]} 7. Nd5 {[%emt 0:00:02]} h6 {[%emt 0:00:10] } 8.
Bh4 {[%emt 0:00:03]} Bg4 {[%emt 0:00:04]} 9. c3 {[%emt 0:00:03]} Re8 { [%emt
0:00:32]} 10. Nxf6+ {[%emt 0:00:05]} gxf6 {[%emt 0:00:05]} 11. h3 { [%emt
0:00:01]} Bh5 {[%emt 0:00:07]} 12. O-O {[%emt 0:00:09]} Bg6 {[%emt 0:00:09]}
13. Re1 {[%emt 0:00:19]} Qe7 {[%emt 0:00:18]} 14. b4 {[%emt 0:00:05]} Bb6
{[%emt 0:00:06]} 15. a4 {[%emt 0:00:09]} a6 {[%emt 0:00:06]} 16. b5 {[%emt
0:00:15]} axb5 {[%emt 0:00:06]} 17. axb5 {[%emt 0:00:07]} Rxa1 {[%emt 0:00:03]}
18. Qxa1 {[%emt 0:00:04]} Nd8 {[%emt 0:00:08]} 19. Qa8 {[%emt 0:00:23]} Nc6 {
[%emt 0:00:10]} 20. Qxb7 {[%emt 0:00:02]} Nb8 {[%emt 0:00:07]} 21. Bd5 { [%emt
0:00:39]} Nd7 {[%emt 0:00:20]} 22. Qc6 {[%emt 0:00:12]} Nc5 {[%emt 0:00:18]}
23. d4 {[%emt 0:00:20]} exd4 {[%emt 0:00:13]} 24. cxd4 {[%emt 0:00:05]} Nd3
{[%emt 0:00:07]} 25. Re3 {[%emt 0:00:09]} Nf4 {[%emt 0:00:09]} 26. Kh2 { [%emt
0:00:23]} Ne6 {[%emt 0:00:23]} 27. Bxe6 {[%emt 0:00:05]} fxe6 {[%emt 0:00:05]}
28. Qc3 {[%emt 0:00:26]} Kg7 {[%emt 0:00:26]} 29. Nd2 {[%emt 0:00:11]} Qd7
{[%emt 0:00:25]} 30. Qc4 {[%emt 0:00:40]} e5 {[%emt 0:00:28]} 31. Rd3 { [%emt
0:01:32]} exd4 {[%emt 0:00:06]} 32. f4 {[%emt 0:00:22]} Bxe4 {[%emt 0:00:20]}
33. Nxe4 {[%emt 0:01:11]} Rxe4 {[%emt 0:00:09]} 34. Bg3 {[%emt 0:00:19]
RhedaerSV003 reconnected.} Re3 {[%emt 0:00:14]} 35. Bf2 {[%emt 0:00:12]} Rxd3 {
[%emt 0:00:18]} 36. Qxd3 {[%emt 0:00:02]} Qf7 {[%emt 0:00:48]} 37. Bxd4 { [%emt
0:00:05]} Bxd4 {[%emt 0:00:06]} 38. Qxd4 {[%emt 0:00:32]} Qd7 {[%emt 0:00:21]}
39. Qd3 {[%emt 0:00:07]} h5 {[%emt 0:00:10]} 40. Kg3 {[%emt 0:00:07]} c6 {[%emt
0:00:11]} 41. bxc6 {[%emt 0:00:14]} Qxc6 {[%emt 0:00:03]} 42. Qd2 { [%emt
0:00:03]} Kg6 {[%emt 0:00:15]} 43. Qd3+ {[%emt 0:00:10]} f5 {[%emt 0:00:04]}
44. Kh4 {[%emt 0:00:08]} d5 {[%emt 0:00:08]} 45. Qf3 {[%emt 0:00:06]} d4 {
[%emt 0:00:06]} 46. Qxc6+ {[%emt 0:00:02]} Kf7 {[%emt 0:00:06]} 47. Kxh5 {
[%emt 0:00:01]} Ke7 {[%emt 0:00:03]} 48. Qc5+ {[%emt 0:00:02]} Kd7 {[%emt
0:00:39]} 49. Qxd4+ {[%emt 0:00:06]} Kc6 {[%emt 0:00:05]} 50. Kg6 {[%emt
0:00:10]} Kc7 {[%emt 0:00:03]} 51. Qd5 {[%emt 0:00:02]} Kc8 {[%emt 0:00:04]}
52. Qd6 { [%emt 0:00:04]} Kb7 {[%emt 0:00:03]} 53. Kf7 {[%emt 0:00:01]} Ka8
{[%emt 0:00:06]} 54. Ke7 {[%emt 0:00:03]} Kb7 {[%emt 0:00:05]} 55. Qc5 {[%emt
0:00:06]} Kb8 {[%emt 0:00:04]} 56. Kd7 {[%emt 0:00:02]} Kb7 {[%emt 0:00:06]}
57. Qc7+ { [%emt 0:00:02]} Ka8 {[%emt 0:00:06]} 58. Qc6+ {[%emt 0:00:10]} Kb8
{[%emt 0:00:05]} 59. Qb6+ {[%emt 0:00:08]} Ka8 {[%emt 0:00:03]} 60. Qd8+ {[%emt
0:00:03]} Kb7 {[%emt 0:00:03]} 61. Qc8+ {[%emt 0:00:02]} Kb6 {[%emt 0:00:04]}
62. Kd6 { [%emt 0:00:03]} Kb5 {[%emt 0:00:02]} 63. Qc6+ {[%emt 0:00:03]} Kb4
{[%emt 0:00:02]} 64. Kd5 {[%emt 0:00:02]} Kb3 {[%emt 0:00:02]} 65. Qc1 {[%emt
0:00:03]} Kb4 {[%emt 0:00:02]} 66. Kc6 {[%emt 0:00:01]} Kb3 {[%emt 0:00:03]}
67. Kc5 { [%emt 0:00:03]} Ka2 {[%emt 0:00:04]} 68. Kc4 {[%emt 0:00:11]} 1/2-1/2